[Event "NED Cup"]
[Site "Utrecht"]
[Date "2023.05.18"]
[Round "2.8"]
[White "Wemmers, Xander"]
[Black "Blokhuis, Jeroen"]
[Result "1-0"]
[WhiteElo "2350"]
[BlackElo "2311"]
[PlyCount "95"]
[EventDate "2023.05.18"]
[EventType "team-k.o."]
[EventRounds "2"]
[EventCountry "NED"]
[SourceTitle "CBM 214 Extra"]
[Source "ChessBase"]
[SourceDate "2023.07.31"]
[SourceVersion "1"]
[SourceVersionDate "2023.07.31"]
[SourceQuality "1"]
[WhiteTeam "Utrecht Paul Keres"]
[BlackTeam "The Hague DD"]
[WhiteTeamCountry "NED"]
[BlackTeamCountry "NED"]

1. d4 e6 2. c4 b6 3. a3 Bb7 4. Nc3 f5 5. d5 exd5 6. cxd5 Nf6 7. g3 g6 8. Bg2 Bg7 9. Nf3 0-0 10. 0-0 Na6 11. Be3 h6 12. Rc1 Kh7 13. b4 Qe7 14. d6 cxd6 15. Ng5+ hxg5 16. Bxb7 f4 17. Bd4 Nc7 18. Bxa8 Rxa8 19. Bxf6 Bxf6 20. Ne4 Qxe4 21. Rxc7 Qe6 22. Qd3 Be5 23. Rd1 d5 24. Qxd5 Qxd5 25. Rxd5 Bxc7 26. Rxd7+ Kh6 27. Rxc7 a6 28. Kg2 fxg3 29. Kxg3 Re8 30. e3 Re6 31. h3 b5 32. Kf3 Rf6+ 33. Ke2 g4 34. hxg4 Kg5 35. f3 Kh4 36. Rc1 Kg3 37. g5 Rd6 38. f4 Kg4 39. Rc5 Re6 40. Rc7 Rd6 41. Rf7 a5 42. Rf6 Rd7 43. bxa5 Rc7 44. Rxg6 Rc2+ 45. Kd3 Ra2 46. Rb6 Rxa3+ 47. Ke4 Rxa5 48. g6 1-0

[Event "NED-chT 0910"]
[Site "Netherlands"]
[Date "2009.12.12"]
[Round "4.10"]
[White "Baeumler, Ilja"]
[Black "Blokhuis, Jeroen"]
[Result "0-1"]
[WhiteElo "2265"]
[BlackElo "2337"]
[PlyCount "118"]
[EventDate "2009.09.26"]
[EventType "team"]
[EventRounds "9"]
[EventCountry "NED"]
[SourceTitle "EXT 2011"]
[Source "ChessBase"]
[SourceDate "2010.11.26"]
[SourceVersion "1"]
[SourceVersionDate "2010.11.26"]
[SourceQuality "1"]
[WhiteTeam "Enschede Braceland"]
[BlackTeam "Leiden LSG"]
[WhiteTeamCountry "NED"]
[BlackTeamCountry "NED"]

1. e4 c5 2. c3 Nf6 3. e5 Nd5 4. d4 cxd4 5. cxd4 d6 6. f4 Nc6 7. Nf3 Bf5 8. Bc4 Nb6 9. Bd3 Bxd3 10. Qxd3 e6 11. 0-0 Be7 12. Nc3 dxe5 13. fxe5 h6 14. a3 Nd5 15. Ne4 Qb6 16. b4 a6 17. Kh1 Rd8 18. Bb2 Nc7 19. Rad1 a5 20. Nfd2 Nxe5 21. Qg3 Ng6 22. Rc1 axb4 23. Qxc7 Qxc7 24. Rxc7 bxa3 25. Bc3 b5 26. Rb7 0-0 27. Rxb5 Ra8 28. Bb4 a2 29. Ra1 Rfd8 30. Nb3 Rdb8 31. Rxa2 Rxb5 32. Rxa8+ Kh7 33. Bxe7 Rxb3 34. Nd2 Rb2 35. Bc5 Rxd2 36. g3 Re2 37. Ra7 f5 38. Kg1 h5 39. Ra6 Re4 40. Rd6 h4 41. Kf2 hxg3+ 42. hxg3 Ne7 43. Rd7 Nd5 44. Kf3 Nf6 45. Ra7 Kg6 46. Re7 Nd5 47. Ra7 Nf6 48. Re7 Ng4 49. Ra7 Re3+ 50. Kg2 Rd3 51. Re7 Kf6 52. Rd7 Rd2+ 53. Kg1 g5 54. Be7+ Kg6 55. Bd8 f4 56. gxf4 gxf4 57. Ba5 Ra2 58. Bb6 f3 59. Ra7 Rg2+ 0-1

[Event "NED-chT 0809"]
[Site "Netherlands"]
[Date "2009.04.18"]
[Round "8.10"]
[White "Blokhuis, Jeroen"]
[Black "Kuijf, Marinus"]
[Result "0-1"]
[WhiteElo "2355"]
[BlackElo "2420"]
[PlyCount "80"]
[EventDate "2008.09.27"]
[EventType "team-tourn"]
[EventRounds "9"]
[EventCountry "NED"]
[SourceTitle "EXT 2010"]
[Source "ChessBase"]
[SourceDate "2010.11.25"]
[SourceVersion "1"]
[SourceVersionDate "2010.11.25"]
[SourceQuality "1"]
[WhiteTeam "Leiden LSG"]
[BlackTeam "Rotterdam Schrijvers"]
[WhiteTeamCountry "NED"]
[BlackTeamCountry "NED"]

1. e4 e6 2. d4 d5 3. e5 c5 4. c3 Nc6 5. Nf3 Qb6 6. Be2 cxd4 7. cxd4 Nh6 8. Bd3 Nf5 9. Bxf5 exf5 10. Nc3 Be6 11. 0-0 Be7 12. Ne2 h6 13. h4 0-0-0 14. h5 g5 15. hxg6 fxg6 16. Nf4 Bf7 17. Qd3 Kb8 18. a3 Be8 19. Ne2 Na5 20. b4 Bb5 21. Qd1 Nb3 22. Qxb3 Bxe2 23. Re1 Bc4 24. Qb2 Qe6 25. Nd2 Rc8 26. Nxc4 Rxc4 27. Bd2 g5 28. Re3 Rhc8 29. Rd3 f4 30. Qb3 Qf5 31. b5 g4 32. Bb4 Bh4 33. Be1 Bd8 34. Rad1 h5 35. R3d2 f3 36. Qd3 Qg5 37. g3 h4 38. Qe3 hxg3 39. Qxg5 Bxg5 40. fxg3 Bxd2 0-1

[Event "NED-chT 0708"]
[Site "Netherlands"]
[Date "2008.05.17"]
[Round "9.5"]
[White "Van der Stricht, Geert"]
[Black "Blokhuis, Jeroen"]
[Result "0-1"]
[WhiteElo "2430"]
[BlackElo "2356"]
[PlyCount "118"]
[EventDate "2007.09.15"]
[EventType "team-tourn"]
[EventRounds "9"]
[EventCountry "NED"]
[SourceTitle "EXT 2013"]
[Source "ChessBase"]
[SourceDate "2012.11.22"]
[SourceVersion "1"]
[SourceVersionDate "2012.11.22"]
[SourceQuality "1"]
[WhiteTeam "Calder HMC"]
[BlackTeam "Leiden LSG"]
[WhiteTeamCountry "NED"]
[BlackTeamCountry "NED"]

1. d4 d5 2. c4 c6 3. Nc3 Nf6 4. Nf3 e6 5. e3 Nbd7 6. Qc2 g6 7. Be2 Bg7 8. 0-0 0-0 9. b3 Re8 10. Bb2 b6 11. Rfd1 Bb7 12. a4 a5 13. Ba3 Rc8 14. Rac1 Nb8 15. e4 Nxe4 16. Nxe4 dxe4 17. Qxe4 Nd7 18. Ne5 Nf6 19. Qf3 Qc7 20. c5 bxc5 21. Bxc5 Ra8 22. Bc4 Rec8 23. Re1 Ba6 24. Rb1 Nd5 25. h4 Rcb8 26. Rbd1 Rb7 27. h5 g5 28. h6 Bxh6 29. g3 Bg7 30. Kg2 h6 31. Qh5 Nf6 32. Qf3 Nd5 33. Rc1 Bxc4 34. bxc4 Nb4 35. Re2 Na6 36. Ba3 Rc8 37. Rh1 f5 38. g4 c5 39. gxf5 Rf8 40. Ng6 Rxf5 41. Qe4 Qf7 42. dxc5 Nxc5 43. Bxc5 Rxc5 44. Rd1 Rd7 45. Rxd7 Qxd7 46. f4 gxf4 47. Nxf4 Rg5+ 48. Kh1 Be5 49. Nh3 Qd1+ 50. Re1 Qh5 51. Re3 Qd1+ 52. Re1 Qh5 53. Re3 Rf5 54. Rd3 Kf7 55. Rd7+ Kf6 56. Rd3 Rf4 57. Qg2 Rxc4 58. Rf3+ Ke7 59. Qf1 Rc1 0-1

[Event "NED-chT 0708"]
[Site "Netherlands"]
[Date "2008.03.08"]
[Round "7.7"]
[White "Van de Oudeweetering, Arthur"]
[Black "Blokhuis, Jeroen"]
[Result "1/2-1/2"]
[WhiteElo "2368"]
[BlackElo "2356"]
[PlyCount "106"]
[EventDate "2007.09.15"]
[EventType "team-tourn"]
[EventRounds "9"]
[EventCountry "NED"]
[SourceTitle "EXT 2009"]
[Source "ChessBase"]
[SourceDate "2008.11.26"]
[SourceVersion "1"]
[SourceVersionDate "2008.11.26"]
[SourceQuality "1"]
[WhiteTeam "Homburg Apeldoorn"]
[BlackTeam "Leiden LSG"]
[WhiteTeamCountry "NED"]
[BlackTeamCountry "NED"]

1. e4 c5 2. c3 Nf6 3. e5 Nd5 4. d4 cxd4 5. Nf3 Nc6 6. Bc4 Nb6 7. Bb3 d5 8. exd6 Qxd6 9. 0-0 Be6 10. Na3 Bxb3 11. Qxb3 e6 12. Nb5 Qb8 13. Nbxd4 Nxd4 14. Nxd4 Be7 15. Re1 Qd8 16. Be3 0-0 17. Nb5 a5 18. Rad1 Nd5 19. Bd4 a4 20. Qc2 Qa5 21. c4 Rac8 22. Qd3 Nf4 23. Qg3 Ng6 24. b3 axb3 25. axb3 Rfd8 26. Qe3 Qb4 27. Bb6 Re8 28. Ra1 Ra8 29. g3 Rec8 30. Red1 h6 31. Rab1 Bf6 32. Bd4 Bxd4 33. Rxd4 Ne7 34. Qd2 Qc5 35. Rd7 Ng6 36. Qe3 Qxe3 37. fxe3 Ra2 38. Rf1 f5 39. Rxb7 Re2 40. Nd4 Rxe3 41. Kf2 Rd3 42. Nxe6 Ne5 43. Ke2 Ra8 44. Rf2 g6 45. Nf4 Rd4 46. h3 Ra2+ 47. Kf1 Ra1+ 48. Kg2 g5 49. Nd5 Rdd1 50. Re2 Rg1+ 51. Kf2 Rgf1+ 52. Kg2 Rg1+ 53. Kf2 Rgf1+ 1/2-1/2

[Event "NED-chT 0708"]
[Site "Netherlands"]
[Date "2007.11.24"]
[Round "4.9"]
[White "Blokhuis, Jeroen"]
[Black "Kroeze, Frank"]
[Result "0-1"]
[WhiteElo "2356"]
[BlackElo "2446"]
[PlyCount "82"]
[EventDate "2007.09.15"]
[EventType "team-tourn"]
[EventRounds "9"]
[EventCountry "NED"]
[SourceTitle "EXT 2009"]
[Source "ChessBase"]
[SourceDate "2008.11.26"]
[SourceVersion "1"]
[SourceVersionDate "2008.11.26"]
[SourceQuality "1"]
[WhiteTeam "Leiden LSG"]
[BlackTeam "Enschede ESGOO"]
[WhiteTeamCountry "NED"]
[BlackTeamCountry "NED"]

1. e4 c6 2. d4 d5 3. exd5 cxd5 4. Bd3 Nc6 5. c3 Qc7 6. Ne2 Bg4 7. f3 Bd7 8. 0-0 e5 9. dxe5 Nxe5 10. Nd4 Nxd3 11. Qxd3 Bd6 12. f4 Ne7 13. Be3 0-0 14. Nd2 Rfe8 15. g3 Bc5 16. N2f3 Nf5 17. Bf2 Nd6 18. Nb3 Bxf2+ 19. Rxf2 Ne4 20. Rff1 Rad8 21. Rfe1 Bh3 22. Re3 Qb6 23. Qd4 Qa6 24. Ne5 Nf6 25. a3 Qe6 26. Nc5 Qf5 27. Ncd3 Ne4 28. Rae1 f6 29. Nf3 b6 30. Nf2 Qh5 31. Nxh3 Qxh3 32. c4 Qh5 33. cxd5 f5 34. Ne5 Rd6 35. Nc4 Rh6 36. R1e2 Rd8 37. d6 b5 38. Qd5+ Kf8 39. Qxb5 Nxg3 40. Rg2 Qd1+ 41. Kf2 Nh1# 0-1

[Event "NED-chT 0607"]
[Site "Netherlands"]
[Date "2007.05.13"]
[Round "9.9"]
[White "Blokhuis, Jeroen"]
[Black "De Rooij, Raymond"]
[Result "1-0"]
[WhiteElo "2372"]
[BlackElo "2240"]
[PlyCount "59"]
[EventDate "2006.09.23"]
[EventType "team-tourn"]
[EventRounds "9"]
[EventCountry "NED"]
[SourceTitle "EXT 2008"]
[Source "ChessBase"]
[SourceDate "2007.11.25"]
[SourceVersion "1"]
[SourceVersionDate "2007.11.25"]
[SourceQuality "1"]
[WhiteTeam "Leiden LSG"]
[BlackTeam "Amstelveen"]
[WhiteTeamCountry "NED"]
[BlackTeamCountry "NED"]

1. e4 e6 2. d4 d5 3. e5 c5 4. c3 Nc6 5. Nf3 Bd7 6. dxc5 Bxc5 7. b4 Bb6 8. b5 Na5 9. Bd3 Ne7 10. 0-0 Ng6 11. Qe2 Rc8 12. Re1 0-0 13. Bg5 f6 14. exf6 gxf6 15. Bh6 Re8 16. Nh4 Kf7 17. Qh5 Rg8 18. a4 Be8 19. Ra2 Ke7 20. Bg5 Nf8 21. Rxe6+ Nxe6 22. Nf5+ Kf8 23. Qh6+ Ng7 24. Bxf6 Qd7 25. Be7+ Qxe7 26. Nxe7 Kxe7 27. Re2+ Kd7 28. Qh3+ Kd8 29. Qh4+ Kc7 30. Qf4+ 1-0

[Event "NED-chT 0607"]
[Site "Netherlands"]
[Date "2006.11.11"]
[Round "3.5"]
[White "Blokhuis, Jeroen"]
[Black "Werle, Jan"]
[Result "1/2-1/2"]
[WhiteElo "2372"]
[BlackElo "2531"]
[PlyCount "94"]
[EventDate "2006.09.23"]
[EventType "team-tourn"]
[EventRounds "9"]
[EventCountry "NED"]
[SourceTitle "CBM 115 Extra"]
[Source "ChessBase"]
[SourceDate "2007.01.10"]
[SourceVersion "1"]
[SourceVersionDate "2007.01.10"]
[SourceQuality "1"]
[WhiteTeam "Leiden LSG"]
[BlackTeam "Groningen Share"]
[WhiteTeamCountry "NED"]
[BlackTeamCountry "NED"]

1. e4 c5 2. Nc3 Nc6 3. Nge2 e6 4. g3 a6 5. a4 Nge7 6. Bg2 b6 7. 0-0 Bb7 8. d3 g6 9. Bg5 Bg7 10. Nd5 0-0 11. Nf6+ Kh8 12. f4 Qc7 13. g4 Ng8 14. Nxh7 Kxh7 15. Qe1 Nh6 16. Bxh6 Bxh6 17. Qh4 Rh8 18. g5 Kg7 19. Ng3 Qd8 20. Qg4 Kg8 21. gxh6 Rxh6 22. c3 d6 23. Rad1 Qh4 24. h3 Qxg4 25. hxg4 Rh4 26. Bf3 g5 27. Nh5 gxf4 28. Nxf4 Ne5 29. Be2 Rf8 30. Ng2 Rh7 31. Ne3 Kg7 32. d4 cxd4 33. cxd4 Ng6 34. Bf3 Rh3 35. Ng2 f5 36. gxf5 exf5 37. Rc1 fxe4 38. Rc7+ Kh6 39. Bg4 Rh1+ 40. Kxh1 Rxf1+ 41. Kh2 Bd5 42. Ne3 Rf4 43. Kg3 Be6 44. Bxe6 Rf3+ 45. Kg4 Rf4+ 46. Kg3 Rf3+ 47. Kg4 Rf4+ 1/2-1/2

[Event "NED-chT 0607"]
[Site "Netherlands"]
[Date "2006.10.14"]
[Round "2.8"]
[White "Blokhuis, Jeroen"]
[Black "Muhren, Bianca"]
[Result "0-1"]
[WhiteElo "2372"]
[BlackElo "2295"]
[PlyCount "70"]
[EventDate "2006.09.23"]
[EventType "team-tourn"]
[EventRounds "9"]
[EventCountry "NED"]
[SourceTitle "CBM 115 Extra"]
[Source "ChessBase"]
[SourceDate "2007.01.10"]
[SourceVersion "1"]
[SourceVersionDate "2007.01.10"]
[SourceQuality "1"]
[WhiteTeam "Leiden LSG"]
[BlackTeam "Calder HMC"]
[WhiteTeamCountry "NED"]
[BlackTeamCountry "NED"]

1. e4 c5 2. Nc3 d6 3. f4 g6 4. Nf3 Bg7 5. Bc4 Nc6 6. 0-0 e6 7. d3 Nge7 8. Qe1 0-0 9. f5 gxf5 10. Qh4 fxe4 11. dxe4 Ng6 12. Qh5 Nce5 13. Nxe5 Bxe5 14. Bh6 Bg7 15. Rad1 Qe7 16. Rd3 Bxh6 17. Qxh6 Bd7 18. Rg3 b5 19. Be2 Bc6 20. Bf3 b4 21. Ne2 Rfc8 22. Nf4 Qf8 23. Qg5 Qd8 24. Qh6 Qf8 25. Qh3 Qe7 26. Nh5 Kf8 27. Rg4 Ke8 28. Nf4 Kd7 29. Rd1 Ne5 30. Rg7 Rg8 31. Rxh7 Qf6 32. Qh5 Qxf4 33. Kh1 Rg5 34. Qh3 Rag8 35. Bh5 Bxe4 0-1

[Event "NED-chT 0506"]
[Site "Netherlands"]
[Date "2006.02.04"]
[Round "6.1"]
[White "Blokhuis, Jeroen"]
[Black "Landa, Konstantin"]
[Result "0-1"]
[WhiteElo "2352"]
[BlackElo "2597"]
[PlyCount "152"]
[EventDate "2005.09.24"]
[EventType "team"]
[EventRounds "9"]
[EventCountry "NED"]
[SourceTitle "EXT 2007"]
[Source "ChessBase"]
[SourceDate "2006.11.23"]
[SourceVersion "1"]
[SourceVersionDate "2006.11.23"]
[SourceQuality "1"]
[WhiteTeam "Leiden LSG"]
[BlackTeam "Groningen Hotels"]
[WhiteTeamCountry "NED"]
[BlackTeamCountry "NED"]

1. e4 c5 2. Nc3 a6 3. Nge2 e6 4. g3 b5 5. Bg2 Bb7 6. 0-0 b4 7. Nb1 d5 8. exd5 Bxd5 9. Bxd5 Qxd5 10. d4 Nf6 11. dxc5 Bxc5 12. Qxd5 Nxd5 13. a3 Nc6 14. axb4 Ndxb4 15. Na3 Ke7 16. c3 Nd3 17. b4 Ba7 18. Nc4 Nce5 19. Nxe5 Nxe5 20. Kg2 Bb6 21. Nd4 Rhc8 22. Be3 Kf6 23. Nf3 Nc4 24. Bg5+ Kg6 25. Bf4 f6 26. g4 e5 27. Bg3 a5 28. bxa5 Rxa5 29. Rad1 Ra7 30. Nh4+ Kf7 31. Nf5 Ke6 32. Rfe1 h5 33. h3 g6 34. Nh4 g5 35. Nf5 h4 36. Bh2 Kf7 37. Re2 Rd8 38. Rxd8 Bxd8 39. f3 Ra3 40. Rc2 Ba5 41. Bg1 Bxc3 42. Bc5 Rb3 43. Ra2 Ke6 44. Bf2 Na3 45. Bc5 Nb5 46. Be7 Nc7 47. Ra7 Nd5 48. Ng7+ Kf7 49. Bc5+ Kg8 50. Nh5 Nf4+ 51. Nxf4 Rb2+ 52. Kf1 gxf4 53. Ra8+ Kg7 54. Bf2 Rb1+ 55. Kg2 Be1 56. Ra7+ Kg6 57. Bc5 Rb8 58. Bd6 Rb2+ 59. Kf1 Bf2 60. Rc7 Bb6 61. Rb7 Rf2+ 62. Ke1 Be3 63. Bf8 f5 64. Rg7+ Kf6 65. g5+ Ke6 66. Rg6+ Kd5 67. Rd6+ Kc4 68. Rc6+ Kd5 69. Rd6+ Kc4 70. Rc6+ Kb3 71. Rf6 e4 72. fxe4 fxe4 73. Bd6 f3 74. Bf4 Re2+ 75. Kd1 Rd2+ 76. Kc1 Rc2+ 0-1

[Event "Hostafrancs op 5th"]
[Site "Barcelona"]
[Date "2003.09.03"]
[Round "5"]
[White "Antal, Gergely"]
[Black "Blokhuis, Jeroen"]
[Result "1-0"]
[WhiteElo "2475"]
[BlackElo "2360"]
[PlyCount "59"]
[EventDate "2003.08.30"]
[EventType "swiss"]
[EventRounds "9"]
[EventCountry "ESP"]
[SourceTitle "EXT 2004"]
[Source "ChessBase"]
[SourceDate "2003.11.25"]
[SourceVersion "1"]
[SourceVersionDate "2003.11.25"]
[SourceQuality "1"]

1. e4 c6 2. d4 d5 3. e5 Bf5 4. c4 e6 5. Nc3 Nd7 6. Nge2 Ne7 7. Ng3 Bg6 8. Be2 dxc4 9. Bxc4 Nf5 10. Nxf5 Bxf5 11. 0-0 Nb6 12. Be2 Qd7 13. Be3 Nd5 14. Qb3 Nxc3 15. bxc3 Be7 16. a4 b6 17. a5 b5 18. a6 0-0 19. c4 Rab8 20. Bf3 b4 21. Ra4 c5 22. dxc5 Qd3 23. Qxd3 Bxd3 24. Bb7 Bxc4 25. Rb1 f5 26. exf6 gxf6 27. Raxb4 Bd3 28. Rd1 Bxa6 29. Rg4+ Kf7 30. Bxa6 1-0

[Event "Hostafrancs op 5th"]
[Site "Barcelona"]
[Date "2003.08.30"]
[Round "10"]
[White "Blokhuis, Jeroen"]
[Black "Ayza Ballester, Jordi"]
[Result "1/2-1/2"]
[WhiteElo "2360"]
[BlackElo "2269"]
[PlyCount "82"]
[EventDate "2003.08.30"]
[EventType "swiss"]
[EventRounds "9"]
[EventCountry "ESP"]
[SourceTitle "EXT 2004"]
[Source "ChessBase"]
[SourceDate "2003.11.25"]
[SourceVersion "1"]
[SourceVersionDate "2003.11.25"]
[SourceQuality "1"]

1. e4 c5 2. Nc3 Nc6 3. Nge2 g6 4. g3 Bg7 5. Bg2 e6 6. d3 Nge7 7. Be3 d6 8. d4 cxd4 9. Nxd4 a6 10. a4 Qc7 11. 0-0 b6 12. Nce2 0-0 13. Rc1 Bb7 14. c4 Rac8 15. b3 Rfd8 16. Nc3 Nxd4 17. Bxd4 Bxd4 18. Qxd4 Qc5 19. Qd2 Nc6 20. Ne2 Qa5 21. Qe3 b5 22. axb5 axb5 23. Ra1 Qb4 24. Qb6 bxc4 25. Qxb4 Nxb4 26. Ra4 Nd3 27. Rxc4 Rxc4 28. bxc4 Ba6 29. Nd4 Bxc4 30. Rd1 Ne5 31. f4 Ng4 32. Nc6 Ra8 33. Bf3 h5 34. Bxg4 hxg4 35. Rxd6 Ra1+ 36. Kf2 Ra2+ 37. Ke3 Rxh2 38. Ne5 Re2+ 39. Kd4 Rd2+ 40. Kc5 Rxd6 41. Kxd6 Ba6 1/2-1/2

[Event "NED-ch57 sf"]
[Site "Leeuwarden"]
[Date "2001.11.18"]
[Round "1.4"]
[White "De Vreugt, Dennis"]
[Black "Blokhuis, Jeroen"]
[Result "1/2-1/2"]
[WhiteElo "2437"]
[BlackElo "2321"]
[PlyCount "132"]
[EventDate "2001.11.17"]
[EventType "k.o."]
[EventRounds "3"]
[EventCountry "NED"]
[SourceTitle "EXT 2003"]
[Source "ChessBase"]
[SourceDate "2002.11.25"]
[SourceVersion "1"]
[SourceVersionDate "2002.11.25"]
[SourceQuality "1"]

1. e4 c5 2. Nc3 Nc6 3. g3 g6 4. Bg2 Bg7 5. d3 d6 6. Be3 e6 7. Qd2 Rb8 8. Nge2 Nge7 9. Bh6 0-0 10. Bxg7 Kxg7 11. 0-0 Nd4 12. Nd1 e5 13. c3 Nxe2+ 14. Qxe2 Be6 15. f4 f6 16. Ne3 b5 17. a3 a5 18. Rf2 Qd7 19. Raf1 exf4 20. Rxf4 b4 21. axb4 axb4 22. d4 bxc3 23. bxc3 cxd4 24. cxd4 d5 25. Qf2 Ng8 26. exd5 Bh3 27. Bxh3 Qxh3 28. Qg2 Qd7 29. Qf3 Rb6 30. Rc1 Ne7 31. Qe4 Rb3 32. Rf2 Nc8 33. Rfc2 Nd6 34. Rc7 Nxe4 35. Rxd7+ Kh6 36. Re1 f5 37. Ng4+ fxg4 38. Rxe4 Rb1+ 39. Kg2 Rb2+ 40. Kg1 Rc8 41. Rde7 Rc1+ 42. Re1 Rcc2 43. d6 Rg2+ 44. Kh1 Rxh2+ 45. Kg1 Rbg2+ 46. Kf1 Rd2 47. R7e2 Rhxe2 48. Rxe2 Rxd4 49. Re6 Kg5 50. Re7 h5 51. d7 Kf6 52. Rh7 Ke6 53. Rg7 Rxd7 54. Rxg6+ Kf5 55. Rh6 Kg5 56. Rh8 Rd5 57. Kg2 Rf5 58. Ra8 Kf6 59. Ra6+ Ke5 60. Ra4 Kf6 61. Ra6+ Kg5 62. Ra8 Rb5 63. Rf8 Rb2+ 64. Kg1 h4 65. Rg8+ Kf5 66. Rf8+ Kg5 1/2-1/2

[Event "Lost Boys op"]
[Site "Amsterdam"]
[Date "2001.08.17"]
[Round "7"]
[White "Helvensteijn, Dennis"]
[Black "Blokhuis, Jeroen"]
[Result "1/2-1/2"]
[WhiteElo "2191"]
[BlackElo "2341"]
[PlyCount "80"]
[EventDate "2001.08.10"]
[EventType "swiss"]
[EventRounds "9"]
[EventCountry "NED"]
[SourceTitle "CBM 083 Extra"]
[Source "ChessBase"]
[SourceDate "2001.09.11"]
[SourceVersion "1"]
[SourceVersionDate "2001.09.11"]
[SourceQuality "1"]

1. e4 c5 2. c3 Nf6 3. e5 Nd5 4. d4 cxd4 5. cxd4 Nc6 6. Nc3 Nxc3 7. bxc3 d5 8. Bd3 g6 9. Be3 Bf5 10. Bxf5 gxf5 11. Ne2 e6 12. 0-0 b6 13. c4 dxc4 14. Qa4 Qd7 15. Qxc4 Na5 16. Qd3 Bg7 17. Rfd1 0-0-0 18. Nc3 Kb8 19. Rab1 Ka8 20. Qe2 Rb8 21. Nb5 Rhc8 22. Nd6 Rc7 23. f4 Bf8 24. d5 Bxd6 25. dxe6 fxe6 26. Rxd6 Qc8 27. Qf3+ Qb7 28. Qxb7+ Kxb7 29. Rxe6 Nc4 30. Bf2 Nd2 31. Rd1 Ne4 32. Rh6 Rd8 33. Re1 Rd2 34. Bh4 Rg7 35. g3 Rxa2 36. e6 Nd2 37. e7 Nf3+ 38. Kf1 Nxh2+ 39. Kg1 Nf3+ 40. Kf1 Nh2+ 1/2-1/2

[Event "Lost Boys op"]
[Site "Amsterdam"]
[Date "2001.08.16"]
[Round "6"]
[White "Blokhuis, Jeroen"]
[Black "De Jong, Migchiel"]
[Result "0-1"]
[WhiteElo "2341"]
[BlackElo "2273"]
[PlyCount "96"]
[EventDate "2001.08.10"]
[EventType "swiss"]
[EventRounds "9"]
[EventCountry "NED"]
[SourceTitle "CBM 083 Extra"]
[Source "ChessBase"]
[SourceDate "2001.09.11"]
[SourceVersion "1"]
[SourceVersionDate "2001.09.11"]
[SourceQuality "1"]

1. e4 e6 2. d4 d5 3. e5 c5 4. c3 Qb6 5. Nf3 Bd7 6. Bd3 cxd4 7. Nxd4 Ne7 8. 0-0 Nbc6 9. Nf3 Ng6 10. Qe2 Qc7 11. Re1 Be7 12. b4 a6 13. Bd2 0-0 14. h4 f5 15. h5 Nh8 16. a3 Nf7 17. Bf4 b5 18. a4 bxa4 19. Bxa6 d4 20. b5 Nb8 21. Nxd4 Nxa6 22. bxa6 Ng5 23. Bxg5 Bxg5 24. Rxa4 Bxa4 25. Nxe6 Qc6 26. Qa2 Bb3 27. Qxb3 Rfb8 28. Nd4+ Rxb3 29. Nxc6 Rxa6 30. Nd4 Rb2 31. Nf3 h6 32. e6 Kf8 33. e7+ Bxe7 34. Nbd2 Raa2 35. Rd1 Bf6 36. Kh2 Bxc3 37. Nc4 Rxf2 38. Nh4 Bf6 39. Ng6+ Kg8 40. Rb1 Rxg2+ 41. Kh3 Rh2+ 42. Kg3 Rxh5 43. Rb8+ Kf7 44. Nf4 Rg5+ 45. Kf3 Ra6 46. Nb6 Ra3+ 47. Ke2 Be5 48. Rb7+ Kg8 0-1

[Event "Budapest FS07 IM-A"]
[Site "Budapest"]
[Date "2001.07.08"]
[Round "7"]
[White "Farago, Sandor"]
[Black "Blokhuis, Jeroen"]
[Result "1/2-1/2"]
[WhiteElo "2329"]
[BlackElo "2341"]
[PlyCount "63"]
[EventDate "2001.07.02"]
[EventType "tourn"]
[EventRounds "12"]
[EventCountry "HUN"]
[EventCategory "2"]
[SourceTitle "CBM 083 Extra"]
[Source "ChessBase"]
[SourceDate "2001.09.11"]
[SourceVersion "1"]
[SourceVersionDate "2001.09.11"]
[SourceQuality "1"]

1. c4 e6 2. Nf3 d5 3. g3 Nf6 4. Bg2 Nbd7 5. b3 Be7 6. Bb2 0-0 7. d3 c5 8. 0-0 b6 9. cxd5 exd5 10. Nh4 Rb8 11. Nf5 Bb7 12. Nd2 Re8 13. Nxe7+ Qxe7 14. e3 Ne5 15. Nf3 Nxf3+ 16. Bxf3 Qd6 17. Rc1 Rec8 18. Re1 Qe6 19. Rc2 Qf5 20. Kg2 Rd8 21. Rd2 Bc8 22. Kg1 Qg6 23. e4 d4 24. Bg2 h5 25. h3 Nh7 26. Kh2 Bb7 27. f4 Qh6 28. Rf2 f5 29. exf5 Nf6 30. Re5 Rd7 31. Qe1 Qh7 32. Re8+ 1/2-1/2

[Event "Budapest FS07 IM-A"]
[Site "Budapest"]
[Date "2001.07.07"]
[Round "6"]
[White "Blokhuis, Jeroen"]
[Black "Moloney, Nicholas"]
[Result "1/2-1/2"]
[WhiteElo "2341"]
[BlackElo "2208"]
[PlyCount "61"]
[EventDate "2001.07.02"]
[EventType "tourn"]
[EventRounds "12"]
[EventCountry "HUN"]
[EventCategory "2"]
[SourceTitle "CBM 083 Extra"]
[Source "ChessBase"]
[SourceDate "2001.09.11"]
[SourceVersion "1"]
[SourceVersionDate "2001.09.11"]
[SourceQuality "1"]

1. e4 c6 2. d4 d5 3. e5 Bf5 4. Nc3 e6 5. g4 Bg6 6. Nge2 f6 7. Nf4 fxe5 8. Nxg6 hxg6 9. dxe5 Bb4 10. Bd3 Ne7 11. 0-0 Nd7 12. Bf4 a6 13. a3 Bxc3 14. bxc3 b5 15. Re1 c5 16. Bf1 c4 17. Bg2 Nc5 18. Qd4 Na4 19. Bg5 Qb6 20. Qd2 Qc7 21. Be3 0-0-0 22. Bd4 Nc6 23. Qg5 Qe7 24. Qe3 Rdf8 25. f4 Rf7 26. Rf1 Rhf8 27. h3 Qc7 28. Rf3 Qe7 29. Kh2 Kb7 30. Rf2 Kc7 31. Rff1 1/2-1/2

[Event "Budapest FS07 IM-A"]
[Site "Budapest"]
[Date "2001.07.06"]
[Round "5"]
[White "Blokhuis, Jeroen"]
[Black "Seres, Lajos"]
[Result "0-1"]
[WhiteElo "2341"]
[BlackElo "2427"]
[PlyCount "62"]
[EventDate "2001.07.02"]
[EventType "tourn"]
[EventRounds "12"]
[EventCountry "HUN"]
[EventCategory "2"]
[SourceTitle "CBM 083 Extra"]
[Source "ChessBase"]
[SourceDate "2001.09.11"]
[SourceVersion "1"]
[SourceVersionDate "2001.09.11"]
[SourceQuality "1"]

1. e4 c5 2. Nc3 Nc6 3. Nge2 g6 4. g3 Bg7 5. Bg2 d6 6. 0-0 e6 7. d3 Nge7 8. Be3 Nd4 9. Rb1 0-0 10. a3 Rb8 11. b4 b6 12. f4 Bb7 13. Bf2 Qd7 14. Nxd4 cxd4 15. Ne2 e5 16. Qd2 Rbc8 17. Rfc1 Bh6 18. b5 d5 19. Rb3 Rc5 20. Rcb1 Rfc8 21. R3b2 R8c7 22. Qd1 f6 23. a4 dxe4 24. dxe4 Rc4 25. Ra1 Nc8 26. Qd3 Nd6 27. fxe5 fxe5 28. Be1 Be3+ 29. Kh1 Nxe4 30. Nf4 exf4 31. Bxe4 Rc3 0-1